| 000 | 01281cam a22001934a 4500 | ||
|---|---|---|---|
| 005 | 20250605164051.0 | ||
| 008 | 250528s ||||||||||||||||||||||||d | ||
| 035 | _a17274 | ||
| 020 | _a582277590 | ||
| 040 |
_aGR-AtMCL _bgre _dGR-AtMCL _eAACR2 |
||
| 245 | 1 | _aEuropean Integration / Methods and Economic Analysis | |
| 260 |
_bLongman, _c1997 |
||
| 300 | _a346 | ||
| 520 | _aThis book combines economic analysis of integration with a detailed knowledge of the integration methods employed in the European Union. Preface, Foundations, What is Economic Integration?, Developing Economic Integration in the Union, Economic Constitution of the EU, Internal Market, Product Market Integration: The Method, Product Market Integration: Economic Analysis, Services Market Integration: The Method, Services Market Integration: Economic Analysis, Factor Market Integration: The Method, Factor Market Integration: Economic Analysis, Common Policies, Common Agricultural Policy, EC Competition Policy, Common Trade Policy, EC Industrial Policy, Equity for the Union?, European Macro-Economic Cooperation, Economic and Monetary Union, Pan-European Economic Integration, Bibliography, Index. | ||
| 700 | 1 |
_aPelkmans Jacques _93435 |
|
| 942 | _cBK | ||
| 999 |
_c2702 _d2702 |
||